Game of Thrones: Dead or Alive? Quiz Stats

Quiz Updated Aug 28, 2017

Challenge
Share
Tweet
Embed
Score 0/39 Timer 04:00
3 Plays Today
% Correct
Catelyn Stark
95.2%
Khal Drogo
94.8%
Eddard Stark
94.7%
Joffrey Baratheon
94.4%
Robb Stark
93.6%
Robert Baratheon
93.5%
Renly Baratheon
92.5%
Viserys Targaryen
90.7%
Jon Arryn
90%
Lysa Arryn
89.4%
Shae
89.2%
Oberyn Martell
88.7%
Shireen Baratheon
88.6%
Tywin Lannister
88.4%
Lady
88%
Myrcella Baratheon
87.9%
Talisa Stark
87.9%
Ygritte
86.3%
Craster
85.3%
Jeor Mormont
84.5%
% Correct
Maester Aemon
84.3%
Maester Luwin
83.5%
Mance Rayder
83.3%
Petyr Baelish
82.2%
Jojen Reed
81.8%
Xaro Xhoan Daxos
80.2%
Qhorin Halfhand
80.1%
Ros
79.2%
Lommy Greenhands
78.7%
Jory Cassel
78.6%
Mycah
78.1%
Pyat Pree
78%
Rodrik Cassel
77.5%
Pypar
73.3%
Ramsay Bolton
63.5%
Loras Tyrell
62.5%
Summer
62.1%
Margaery Tyrell
60.9%
Rickon Stark
58.9%

You're not logged in!

Compare scores with friends on all Sporcle quizzes.
Sign Up with Email
OR
Log In

You Might Also Like...

Show Comments

Extras

Top Quizzes Today


Score Distribution

Your Account Isn't Verified!

In order to create a playlist on Sporcle, you need to verify the email address you used during registration. Go to your Sporcle Settings to finish the process.